000
00335nam a22001457a 4500
008
210607b ||||| |||| 00| 0 eng d
020
_a
9781305258785
041
_a
eng
080
_2
7th
_a
311
082
_a
311
100
_a
55
101
_a
STA
245
_a
Understanding Basic Statistics
_c
Charles Henry Brase
942
_2
udc
_c
BK
999
_c
58010
_d
58010